LEADER 00818nam a2200205 i 4500 001 000000061072 003 CaOOAMICUS 005 20250717162559.0 008 050323s1983 it u000 u ita u 020 $a88-02-03867-8 040 $aSeMil$bita 245 10$aVol. 1 /$cJohn Stuart Mill. 300 $a622 p., [4] c. di tav. ;$c24 cm 773 0 $aMill, John Stuart, <1806-1873>$tPrincipi di economia politica.$dTorino : Unione Tipografico-Editrice Torinese, 1971.$kClassici dell'economia $gVolume1$w()13173 850 $aSeMil 852 $aSeMil$W1$xVenegono$y1$m3M V 276/1$j259870$B27225$CSeMilBibl$Z2$F27228 $81 961 $aAcquisto: UTET (Agente) 996 $6020$a88-02-03867-8$9(OLS)http://semarc/number/37290 996 $6245$aVol. 1$9(OLS)http://semarc/title/55715 LEADER 00847naa a2200157 i 4500 001 000000297483 003 CaOOAMICUS 005 20180831172605.0 008 180831n xx u000 u und u 013 $a5008 040 $aSeMil$bita 100 1 $aFalsini, Rinaldo,$c.$0(OLS)http://semarc/name/314 245 13$aIl Battesimo dei bambini nel contesto dell'iniziazione :$brichiami dottrinali ; La prima partecipazione all'Eucaristia : il significato di fede. 650 4$aBattesimo - Teologia sistematica.$0(OLS)http://semarc/subject/4463 773 0 $tPer una "rinnovata" pastorale dei sacramenti.$kNuova collana liturgica. 3. serie$z8880530445$w()50782 996 $6245$aIl Battesimo dei bambini nel contesto dell'iniziazione :$brichiami dottrinali ; La prima partecipazione all'Eucaristia : il significato di fede$9(OLS)http://semarc/title/373515